La preparación integral en el voleibol: 1000 ejercicios y juegos

Guardat en:
Dades bibliogràfiques
Autor principal: Moras, Gerard (autor)
Format: Llibre
Idioma:espanyol
Publicat: Barcelona Paidotribo 2005
Edició:3a. ed
Col·lecció:Colección Deporte
Matèries:
Etiquetes: Afegir etiqueta
Sense etiquetes, Sigues el primer a etiquetar aquest registre!

MARC

LEADER 00000nam a2200000 a 4500
001 UCG3227
003 CL-VaPUC
008 100819e20050000SP |||||||||||||||||spa|d
020 |a 8480191643 
082 0 4 |a 796.325  |b MOR  |2 21 
100 |a Moras, Gerard  |e autor  |9 552177 
245 1 3 |a La preparación integral en el voleibol: 1000 ejercicios y juegos 
250 |a 3a. ed 
300 |a 3 v 
942 |c BK 
945 |d 20100819 00:00:00  |a mfarfan 
260 |a Barcelona  |b Paidotribo  |c 2005 
650 0 |a Voleibol  |9 307522 
650 0 |a Actividad física  |9 362156 
650 0 |a Deportes  |9 224367 
650 7 |a ENTRENAMIENTO FISICO  |2 CL-VaPUC  |9 307393 
583 |a last modification  |c 20100819 00:00:00  |k Rodrigo Vera 
490 0 |a Colección Deporte 
999 |c 342298  |d 342296 
952 |0 0  |1 0  |4 0  |6 796_325000000000000_MOR_2005  |7 0  |8 C  |9 438438  |a BIBCUR  |b BIBCUR  |d 2019-11-22  |h v.1  |i 4709144  |l 1  |o 796.325 MOR 2005  |p 4709144  |r 2025-04-22  |s 2024-09-24  |w 2019-11-22  |y BK  |k DEN 
952 |0 0  |1 0  |4 0  |6 796_325000000000000_MOR_2005  |7 0  |8 C  |9 438439  |a BIBCUR  |b BIBCUR  |d 2019-11-22  |h v.2  |i 4709152  |o 796.325 MOR 2005  |p 4709152  |r 2025-04-22  |w 2019-11-22  |y BK  |k DEN 
952 |0 0  |1 0  |4 0  |6 796_325000000000000_MOR_2005  |7 0  |8 C  |9 438440  |a BIBCUR  |b BIBCUR  |d 2019-11-22  |h v.3  |i 4709160  |o 796.325 MOR 2005  |p 4709160  |r 2025-04-22  |w 2019-11-22  |y BK  |k DEN